Kỹ thuật audio - video
Đã lưu trong:
| Príomhúdar: | |
|---|---|
| Formáid: | Leabhar |
| Teanga: | Undetermined |
| Foilsithe: |
H.
Giáo dục
2003
|
| Ábhair: | |
| Clibeanna: |
Cuir Clib Leis
Gan Chlibeanna, Bí ar an gcéad duine leis an taifead seo a chlibeáil!
|
| Thư viện lưu trữ: | Trung tâm Học liệu Trường Đại học Cần Thơ |
|---|
| LEADER | 00571nam a2200193Ia 4500 | ||
|---|---|---|---|
| 001 | CTU_59982 | ||
| 008 | 210402s9999 xx 000 0 und d | ||
| 020 | |b 32600 | ||
| 082 | |a 621.38897 | ||
| 082 | |b Tr100 | ||
| 100 | |a Nguyễn Thanh Trà | ||
| 245 | 0 | |a Kỹ thuật audio - video | |
| 245 | 0 | |c Nguyễn Thanh Trà và Thái Vĩnh Hiển | |
| 260 | |a H. | ||
| 260 | |b Giáo dục | ||
| 260 | |c 2003 | ||
| 650 | |a audiovisual engineering,electronic apparatus and appliances | ||
| 904 | |i Minh | ||
| 980 | |a Trung tâm Học liệu Trường Đại học Cần Thơ | ||